Future energy : How the new oil industry will change people, politics and portfolios

Zapisane w:
Opis bibliograficzny
1. autor:  Paul, William Henry
Format: Sách
Język:Undetermined
Wydane:  John Wiley & Sons  2007
Hasła przedmiotowe:
Etykiety: Dodaj etykietę
Nie ma etykietki, Dołącz pierwszą etykiete!
Thư viện lưu trữ: Trung tâm Thư viện - Trường Đại học Công nghiệp TP. Hồ Chí Minh
LEADER 00540nam a2200157Ia 4500
001 UIH_04550
008 231011s9999 xx 000 0 und d
082 |a  333.8232 
100 |a  Paul, William Henry 
245 0 |a  Future energy : How the new oil industry will change people, politics and portfolios 
245 0 |c  Paul, William Henry 
260 |b  John Wiley & Sons 
260 |c  2007 
650 |a  Năng lượng;  
927 |a Sách 
980 |a Trung tâm Thư viện - Trường Đại học Công nghiệp TP. Hồ Chí Minh